[Event "San Francisco TNM Summer op"]
[Site "San Francisco"]
[Date "2015.07.14"]
[Round "8"]
[White "LaGrotta, Daniel S"]
[Black "Sorensen, Matthew"]
[Result "1-0"]
[WhiteElo "1592"]
[BlackElo "1497"]
[PlyCount "81"]
[EventDate "2015.05.26"]
[EventType "swiss"]
[EventRounds "8"]
[EventCountry "USA"]
[SourceTitle "EXT 2016"]
[Source "ChessBase"]
[SourceDate "2015.10.08"]
[SourceVersion "1"]
[SourceVersionDate "2015.10.08"]
[SourceQuality "1"]

1. e4 c5 2. Nc3 Nc6 3. f4 e6 4. Nf3 d6 5. Be2 Be7 6. 0-0 Nf6 7. d4 cxd4 8. Nxd4 0-0 9. Nxc6 bxc6 10. Be3 Nd7 11. Kh1 d5 12. f5 Bf6 13. fxe6 fxe6 14. Bg4 Ne5 15. Bh3 Nf7 16. Bc5 Be7 17. Bxe7 Qxe7 18. Qe2 a5 19. exd5 Ba6 20. Qxe6 Qxe6 21. dxe6 Ng5 22. Rxf8+ Rxf8 23. Bg4 Re8 24. Re1 Bc8 25. Ne4 Nxe4 26. Rxe4 g6 27. Kg1 Kg7 28. Ra4 Bxe6 29. Bxe6 Rxe6 30. Rxa5 Kf6 31. Rc5 Ke7 32. a4 Kd6 33. b4 Re1+ 34. Kf2 Rb1 35. c3 Rb2+ 36. Kf3 Ra2 37. a5 h6 38. h4 Ra3 39. g4 Ra2 40. h5 g5 41. Ke4 1-0